Basketball
| Main Author: | |
|---|---|
| Other Authors: | |
| Format: | Book |
| Published: |
West Yorkshire :
E.P. Publishing ,
c1976
|
| Subjects: |
MARC
| LEADER | 00000cam a2200000 7i4500 | ||
|---|---|---|---|
| 001 | 0000000478 | ||
| 005 | 20050422.0 | ||
| 040 | |a INS | ||
| 090 | 0 | 0 | |a GV885 |b C6921 1978 |
| 100 | 1 | |a Coleman, Brian | |
| 245 | 1 | 0 | |a Basketball |c Brian Coleman and Peter Ray |
| 260 | |a West Yorkshire : |b E.P. Publishing , |c c1976 | ||
| 300 | |a 119p. : |b ill. ; |c 20 cm. | ||
| 650 | 0 | 0 | |a Basketball |x Study and teaching |
| 700 | 0 | |a Ray, Peter | |
| 999 | |a 0000000266 |b BOOK |c Open Shelf |e Default branch | ||